00551nam a22001457a 4500003000400000005001700004008004100021040001400062100002300076245012700099260000900226300002800235500011100263504003100374OSt20171010095510.0120813t xxu||||| |||| 00| 0 eng d aMMSUcULS aCajigal, Noemi A.  aKnowledge, practices and problems of mothers on the use of herbal medicines for common child illnessescCajigal, Noemi A.  c1999 axvi, 92 leaves c28 cm. aThesis (MA Nursing-Maternal Child Nursing) -- Mariano Marcos State University-Graduate School, Laoag City  aBibliography: leaves 88-92